LEADER 01162nam a2200265 i 4500 001 000000026115 003 CaOOAMICUS 005 20180830125447.0 008 180830s1908 it u000 u ita u 040 $aSeMil$bita 100 1 $aVigo, Pietro.$0(OLS)http://semarc/name/11672 245 10$aStoria degli ultimi trent'anni del secolo 19. /$cnarrata da Pietro Vigo. 260 $aMilano :$bTreves,$c1908-1915. 300 $a7 v. ;$c19 cm. 650 4$aItalia - 1871-1900 - Ed. ante 1945.$0(OLS)http://semarc/subject/4183 773 0 $tAnnali d'Italia.$dMilano : Treves, [19-?]$w()26114 774 0 $tVol. 1.$kAnnali d'Italia$w()210181 774 0 $t1895 a 1898.$kAnnali d'Italia$gVolume7$w()210182 774 0 $tVol. 2.$kAnnali d'Italia$w()210183 774 0 $t1891 a 1894.$kAnnali d'Italia$gVolume6$w()210184 774 0 $t1887 a 1890.$kAnnali d'Italia$gVolume5$w()210185 774 0 $t1879 a 1882.$kAnnali d'Italia$gVolume3$w()210186 774 0 $t1883 a 1886.$kAnnali d'Italia$gVolume4$w()210187 996 $6245$aStoria degli ultimi trent'anni del secolo 19.$9(OLS)http://semarc/title/35232 996 $6260$aMilano :$bTreves$9(OLS)http://semarc/publisher/30435 LEADER 01140nam a2200241 i 4500 001 000000198351 003 CaOOAMICUS 005 20110301000000.0 008 110301s1962 it u000 u ita u 013 $a177039 040 $aSeMil$bita 100 0 $aMariano : da Torino,$c.$0(OLS)http://semarc/name/58650 245 13$aLa Serva di Dio Armida Barelli :$bcommemorazione tenuta alla TV il 13 marzo 1962 /$cPadre Mariano da Torino. 260 $aMilano :$bVita e Pensiero,$c1962. 260 $aRoma :$bOpera della Regalità di N.S.G.C.,$c1962. 300 $a30 p. :$bill. ;$c17 cm. 600 14$aBarelli, Armida .$0(OLS)http://semarc/subject/32690 850 $aSeMil 852 $aSeMil$W1$xVenegono$y1$m5D X 12/15$j148907$B148907$CSeMilBibl$Z2$F160321 $81 961 $aOmaggio: Altro 996 $6245$aLa Serva di Dio Armida Barelli :$bcommemorazione tenuta alla TV il 13 marzo 1962$9(OLS)http://semarc/title/286584 996 $6260$aRoma :$bOpera della Regalità di N.S.G.C.$9(OLS)http://semarc/publisher/51133 996 $6260$aMilano :$bVita e Pensiero$9(OLS)http://semarc/publisher/29642